Mùa hoa ban nở Tập truyện ngắn

Đã lưu trong:
Bibliografiske detaljer
Hovedforfatter: Bùi Nguyên Khiết
Format: Bog
Sprog:Undetermined
Udgivet: Hà Nội Phụ nữ 1979
Fag:
Tags: Tilføj Tag
Ingen Tags, Vær først til at tagge denne postø!
Thư viện lưu trữ: Trung tâm Học liệu Trường Đại học Cần Thơ
LEADER 00575nam a2200193Ia 4500
001 CTU_9438
008 210402s9999 xx 000 0 und d
082 |a 895.922301 
082 |b Kh308m 
100 |a Bùi Nguyên Khiết 
245 0 |a Mùa hoa ban nở 
245 0 |b Tập truyện ngắn 
245 0 |c Bùi Nguyên Khiết 
260 |a Hà Nội 
260 |b Phụ nữ 
260 |c 1979 
650 |a short stories, vietnamese - 1975 
904 |i Nguyễn Quang Điền, 960927 
980 |a Trung tâm Học liệu Trường Đại học Cần Thơ